000 00696cam a22002531 4500
001 15578
003 BD-RjUL
005 20211208235840.0
008 140210s1970 nyua 001 0 eng
035 _a(BD-RjUL)15633
035 _a(OCoLC)12699657
040 _aDLC
_cOClW
_dOCoLC
_dDLC
_beng
041 _aeng
082 _a658
_bFEC 1970
100 1 _aFerrell, Robert W.
_948362
245 1 0 _aCustomer-oriented planning /
_c[by] Robert W. Ferrell.
260 _a[New York] :
_bAmerican Management Association,
_c1970
300 _a253 p. :
_billus. ;
_c24 cm.
504 _aIncludes index
650 0 _aPlanning.
_948363
942 _2ddc
_cBK
999 _c15578
_d15578